PERFORÁCIA INTERVENTRIKULÁRNEHO SEPTA PRI INFARKTE MYOKARDU

Bibliographic Details
Main Authors: Pelach, A. (Author), Haľkо, J. (Author)
Format: Article
Language:Slovak

MARC

LEADER 00000nab a2200000ua 4500
001 vtls010803042
003 SK-MaSNL
005 20260303124213.0
008 230214s1963 xo |||||||||||||||||slo|
035 |a (urnnbn)urn:nbn:sk:snk:ar-a03964 
035 |a (uuid)c848fb62-8387-4b00-9597-1f0319265d5e 
035 |a urn:nbn:sk:snk-ab55lp 
040 |a SNKBUCL  |b slo  |c SNKBUCL  |e AACR2 
041 0 |a slo 
044 |a xo  |c SK 
100 1 |a Pelach, A.  |4 aut  |9 1140988 
245 1 0 |a PERFORÁCIA INTERVENTRIKULÁRNEHO SEPTA PRI INFARKTE MYOKARDU  |c A. Pelach, J. Haľkо 
700 1 |a Haľkо, J.  |4 aut  |9 1140989 
773 0 |t Bratislavské lekárske listy  |g Roč. 43, č. 12 (1963), s. 723-732 
954 |a odborná, vedecká literatúra pôvodná (slovenská)  |2 lita 
958 |a OND 
958 |a EUIPO 
958 |a article3 
999 |c 1929513  |d 1931443